000 01588nam a2200385Ia 4500
001 ebr10424553
003 CaPaEBR
006 m u
007 cr cn|||||||||
008 090814s2010 enka sb 001 0 eng d
010 _z 2010280031
020 _z9781848851603
020 _z184885160X
040 _aCaPaEBR
_cCaPaEBR
035 _a(OCoLC)671654980
050 1 4 _aHC60
_b.B65 2010eb
082 0 4 _a338.9173
_222
100 1 _aBolton, Matthew.
245 1 0 _aForeign aid and landmine clearance
_h[electronic resource] :
_bgovernance, politics and security in Afghanistan, Bosnia and Sudan /
_cMatthew Bolton.
260 _aLondon :
_bTauris,
_c2010.
300 _axiv, 267 p. :
_bill.
490 0 _aInternational library of post-war reconstruction & development ;
_v7
504 _aIncludes bibliographical references and index.
533 _aElectronic reproduction.
_bPalo Alto, Calif. :
_cebrary,
_d2010.
_nAvailable via World Wide Web.
_nAccess may be limited to ebrary affiliated libraries.
650 0 _aEconomic assistance, American.
650 0 _aEconomic assistance, Norwegian.
650 0 _aExplosive ordnance disposal
_xFinance.
650 0 _aPostwar reconstruction
_zAfghanistan.
650 0 _aPostwar reconstruction
_zBosnia and Hercegovina.
650 0 _aPostwar reconstruction
_zSudan.
650 0 _aEconomic assistance
_xPolitical aspects.
655 7 _aElectronic books.
_2local
710 2 _aebrary, Inc.
856 4 0 _uhttp://site.ebrary.com/lib/rucke/Doc?id=10424553
_zAn electronic book accessible through the World Wide Web; click to view
999 _c239051
_d239051